00426nam a2200145Ia 4500008004100000020001500041041001200056082001100068100001600079245011100095260003900206300000800245650001400253700001300267221030s9999 xx 000 0 und d a8131719916 aEnglish a105.23 aA. K. Shuja 0aIBM Rational Unified Process Reference & Certification Guide - Solution Designercby A. K. Shuja, J. Krebs bPearson EdcuationaNew Delhic2008 a307 aComputers aJ. Krebs